An uphill struggle (Record no. 82660)

MARC details
000 -LEADER
fixed length control field 00982cab a22001935a 4500
001 - CONTROL NUMBER
control field L150872
008 - FIXED-LENGTH DATA ELEMENTS--GENERAL INFORMATION
fixed length control field 100908e20100828xxk 000 0 eng d
035 ## - SYSTEM CONTROL NUMBER
System control number (Sirsi) u150872
041 0# - LANGUAGE CODE
Language code of text/sound track or separate title eng
100 1# - MAIN ENTRY--PERSONAL NAME
Personal name Partridge, Charles
245 03 - TITLE STATEMENT
Title An uphill struggle
260 ## - PUBLICATION, DISTRIBUTION, ETC.
Date of publication, distribution, etc. 2010
490 ## - SERIES STATEMENT
Series statement Estates Gazette
Volume/sequential designation (1034) 28 August 2010, 74-76(3)
520 ## - SUMMARY, ETC.
Summary, etc. Describes the improvements the Valuation Office Agency (VOA) has made to the accuracy of its rating lists but says much progress still needs to be made to give a better service to all of its customers. Criticises the inability of the rating system to react quickly enough to changes in economic circumstances and to the speed at which the property market is evolving. Recommends fundamental change to the rating system and calls on professionals to help although significant reform would require primary legislation.
590 ## - LOCAL NOTE (RLIN)
Local note KA
651 #4 - SUBJECT ADDED ENTRY--GEOGRAPHIC NAME
Geographic name United Kingdom
Chronological subdivision
690 ## - LOCAL SUBJECT ADDED ENTRY--TOPICAL TERM (OCLC, RLIN)
Topical term or geographic name as entry element PROPERTY-PROPERTY TAXATION
942 ## - ADDED ENTRY ELEMENTS (KOHA)
Suppress in OPAC 0
Holdings
Withdrawn status Lost status Source of classification or shelving scheme Damaged status Not for loan Home library Current library Shelving location Date acquired Total Checkouts Full call number Barcode Date last seen Copy number Price effective from Koha item type
    Dewey Decimal Classification     London London Journal article 08/09/2010   L150872 150872-1001 06/08/2019 1 06/08/2019 Journal article